MDQL
is popping MORE tags! Check the
thread
!
Quizzes
Events
Quiz Creation
Community
Videos
Private Events
Remove Ads
Sign In
Join for FREE
Feedback
Dark Mode
Quiz Categories
Sports
Geography
Music
Movies
Television
Just For Fun
Miscellaneous
History
Literature
Language
Science
Gaming
Entertainment
Religion
Holiday
For Kids
Quiz Lab
Recent
Popular Today
Quiz Kudos Today
Editor Picks
Curator Picks
Quizzes by...
Day
Popularity
Type
Ratings
Length
Year
Community
Subscriptions
Recent Discussions
Orange Saloon
Badges
Playlists
Quests
Create
Leaderboards
Showdown
Live 5
Trivia Bingo
Activity
Puzzle Library
Sporcle Events
Private Events
Virtual Trivia
Globe League
Become a Host
Pub Owners
SporcleCon
Opinionation
Our Games
Videos
Blog
Mobile Apps
Partnerships
Remove Ads and Go Orange
Feedback
Miscellaneous
Crossword
General Knowledge
Baby Names
Logo
Food
Cars
Numbers
Grab Bag
University
College
Popular
Company
Slogans
Restaurants
Justice
Letter
Miscellaneous
Crossword
General Knowledge
Baby Names
Logo
Food
Cars
Numbers
Grab Bag
University
College
Popular
Company
Slogans
Restaurants
Justice
Letter
Random Quiz
Search Sporcle
×
Quiz Lab
Quiz Lab
Miscellaneous
Popular
Type in answers that appear in a list
Type in answers that appear in a list
Classic
Best Score? Go Orange.
Most Popular Middle Names 2010 Stats
Can you name the Most Popular Middle Names 2010?
By
mrsronpaul
10m
40 Questions
190 Plays
190 Plays
190 Plays
Comments
Comments
Give Quiz Kudos
Give Quiz Kudos
-
- Ratings
hide this ad
Replay
Link that replays current quiz
Next Quiz
Link to next quiz in quiz playlist
You Got
0%
They Got
Avg Score
55%
Avg Friend Score
Upgrade to see
Score Distribution
Jump to the score distribution portion of the page
Score
0/40
Timer
10:00
0
Plays Today
Rank
Name
% Correct
10 G
Anne
86.3%
7 G
Elizabeth
85.8%
1 B
James
85.3%
2 B
John
83.7%
8 G
Marie
82.1%
3 B
William
75.3%
7 B
Michael
74.7%
1 G
Rose
71.1%
2 G
Grace
70.5%
18 G
Mary
69.5%
6 B
Robert
69.5%
8 B
David
67.9%
11 B
Joseph
67.9%
3 G
Jane
66.8%
16 B
Daniel
66.3%
18 B
Matthew
66.3%
4 B
Thomas
64.2%
6 G
May
60%
15 B
Christopher
58.9%
15 G
Lee
54.2%
Rank
Name
% Correct
5 B
Alexander
53.2%
9 B
Andrew
52.6%
13 B
Edward
51.1%
10 B
Peter
50%
12 B
Jack
50%
9 G
Kate
47.4%
11 G
Lily
45.8%
17 B
Henry
45.8%
4 G
Louise
44.7%
12 G
Jean
44.7%
20 G
Hope
44.7%
14 B
Anthony
43.7%
17 G
Claire
42.1%
19 G
Charlotte
34.2%
5 G
Jade
31.1%
19 B
Oliver
31.1%
14 G
Paige
28.9%
13 G
Ruby
25.3%
20 B
Jay
25.3%
16 G
Belle
18.9%
Quiz Playlist
Details
Report
Send in Message
Add To Playlist
Classic:
Type in answers that appear in a list
Quiz Source
Last Updated: Feb 16, 2017
Quiz Scoreboard
CHALLENGE
Sign Up to Join the Scoreboard
Show All
Scores
Hide
Comments
May contain spoilers
Recently Published
Two Season TV Shows II
by 123Four
Television
10m
Image Sorting: Flags VI
by Barbecue
Geography
2m
Find the 'City' Movie
by crazypaving
Movies
60s
More to Explore
Quiz From the Vault
Featured Blog Post
14 Easter Pick-up Lines to Find Eggs With
hide this ad
You Might Also Like...
Tags
Popular Quiz
2010
middle
Middle Names
Today's Top Quizzes in Miscellaneous
Browse Miscellaneous
hide this ad
Today's Top Quizzes in Popular
Browse Popular
Top Contributed Quizzes in Miscellaneous
1
The JOE quick-fire general knowledge quiz: Day 174
2
5-to-1: Fast Food
3
9x9 Crossword: Disney Movie Titles
4
The JOE quick-fire general knowledge quiz: Day 173
5
9x9 Crossword: Charlie and the Chocolate Factory
6
9x9 Crossword: Actors
7
9x9 Crossword: 2022 Movies
8
9x9 Crossword: Flags
9
9x9 Crossword: The Simpsons
10
9x9 Crossword: Pixar Movie Titles
Explore More
Trending Topics
Crossword
Disney
Kpop
Marvel
NBA
Harry Potter
Anime
Puzzle
Pokémon
NFL
Soccer
WWE
The Office
Country
Song
hide this ad
More By:
mrsronpaul
Quiz
Plays
Rating
Category
Featured
Created
Top Norwegian Girls' Names 2011?
339
5.00
Miscellaneous
Jun 6, 2012
Glee Project Season 2 Contestants
191
5.00
Television
Jun 29, 2012
Most Popular Middle Names 2010
190
Miscellaneous
Jun 6, 2012
Hillary Clinton Trivia!
163
History
Jun 2, 2012
Ron Paul Trivia!
143
1.00
History
Jun 2, 2012
Go to Creator's Profile
Score Distribution
Quiz Creator Spotlight
mrsronpaul
Follow
Send a Message
Quizzes Created
-
Created Quiz Play Count
-
More By This Creator
Popular Quizzes Today
1
Colored Red Africa Blitz
2
Find the US States - No Outlines Minefield
3
Find the 'City' Movie
4
5x2 Blitz: Bands
5
The Countries of the World
6
Find the US States
7
Find the Countries of Europe - No Outlines Minefield
8
US States
More Miscellaneous Quizzes
10 to 1: Alcohol
Published
Trending Quizzes
Colored Red Europe Blitz I
Colored Red Africa Blitz II
Colored Red Europe Blitz II
Colored Red Africa Blitz III
Colored Red Europe Blitz III
Recently Updated
How Do You Spell That?
pecheneg
Godzilla Movies
pecheneg
Grab Bag: 4-10 Letters
pecheneg
2024 March Madness Bracket
pecheneg
Famous TV Couples
Peacemaker
Champions League XIs: Real Madrid
pecheneg
Largest US Cities 1790-2010
pecheneg
Rides in Walt Disney World
pecheneg
Most Oscar Losses (Acting)
pecheneg
Beyoncé Albums
pecheneg
Trending Topics
Anime
Disney
Marvel
Crossword
Kpop
NBA
Harry Potter
WWE
NFL
Song
Puzzle
Pokémon
The Office
Country
Soccer
Your Account Isn't Verified!
In order to create a playlist on Sporcle, you need to verify the email address you used during registration. Go to your
Sporcle Settings
to finish the process.
Report this User
Report this user for behavior that violates our
Community Guidelines
.
Details:
Send Report
Go to the Sporcle.com Mobile Site →
Comments